[Event "Liepajas Rokade"]
[Site "Liepaja"]
[Date "2006.08.05"]
[Round "6"]
[White "Rausis, Igors"]
[Black "Azmaiparashvili, Zurab"]
[Result "0-1"]
[WhiteElo "2510"]
[BlackElo "2669"]
[PlyCount "70"]
[EventDate "2006.08.04"]
[EventType "tourn (rapid)"]
[EventRounds "13"]
[EventCountry "LAT"]
[EventCategory "12"]
[SourceTitle "CBM 113 Extra"]
[Source "ChessBase"]
[SourceDate "2006.09.14"]
[SourceVersion "1"]
[SourceVersionDate "2006.09.14"]
[SourceQuality "1"]

1. e4 c6 2. d4 d5 3. e5 Bf5 4. Be3 e6 5. Nd2 Bg6 6. f4 Ne7 7. Ngf3 Nd7 8. Be2 c5 9. c3 Qb6 10. Qb3 Nc6 11. 0-0 Be7 12. g4 h5 13. h3 hxg4 14. hxg4 c4 15. Qxb6 axb6 16. a3 b5 17. Kg2 Nb6 18. Rh1 Rxh1 19. Rxh1 Na4 20. Rh8+ Bf8 21. Nh4 Bc2 22. f5 Nxb2 23. f6 0-0-0 24. Ndf3 gxf6 25. exf6 Bxa3 26. Rxd8+ Kxd8 27. g5 Na4 28. Ne5 Nxe5 29. dxe5 Nxc3 30. Bh5 Ke8 31. g6 fxg6 32. Nxg6 Bd1 33. Bxd1 Nxd1 34. Bh6 Kf7 35. Nh8+ Kg8 0-1

[Event "GRE-chT 35th"]
[Site "Ermioni Argolidas"]
[Date "2006.07.07"]
[Round "5"]
[White "Azmaiparashvili, Zurab"]
[Black "Gelashvili, Tamaz"]
[Result "1/2-1/2"]
[WhiteElo "2669"]
[BlackElo "2575"]
[PlyCount "106"]
[EventDate "2006.07.03"]
[EventType "team"]
[EventRounds "9"]
[EventCountry "GRE"]
[SourceTitle "CBM 113 Extra"]
[Source "ChessBase"]
[SourceDate "2006.09.14"]
[SourceVersion "1"]
[SourceVersionDate "2006.09.14"]
[SourceQuality "1"]

1. d4 Nf6 2. c4 e6 3. Nc3 Bb4 4. Qc2 0-0 5. e4 d5 6. e5 Ne4 7. Bd3 c5 8. a3 Bxc3+ 9. bxc3 cxd4 10. cxd4 Qa5+ 11. Kf1 Nc6 12. Bxe4 dxe4 13. Ne2 Qa6 14. h4 Bd7 15. Rh3 Rfc8 16. Bg5 Nxd4 17. Nxd4 Rxc4 18. Qe2 Rxd4 19. Qxa6 bxa6 20. Rc3 h6 21. Be7 Rb8 22. Re1 Rb2 23. Kg1 Rd3 24. Rcc1 Rdd2 25. Bc5 Rdc2 26. Bxa7 Bc6 27. Bd4 Ra2 28. Rxc2 Rxc2 29. Rb1 Bb5 30. Rb2 Rc1+ 31. Kh2 Rd1 32. Rb4 Rd3 33. a4 a5 34. Rxb5 Rxd4 35. Rxa5 e3 36. fxe3 Rxh4+ 37. Kg3 g5 38. Kf3 h5 39. e4 Rh1 40. Ra8+ Kg7 41. a5 Ra1 42. g3 Ra3+ 43. Kf2 h4 44. gxh4 gxh4 45. a6 h3 46. a7 Ra2+ 47. Kg1 h2+ 48. Kh1 Kh7 49. Rb8 Rxa7 50. Rb2 Ra1+ 51. Kxh2 Ra5 52. Rf2 Kg6 53. Rg2+ Kh5 1/2-1/2

[Event "GRE-chT 35th"]
[Site "Ermioni Argolidas"]
[Date "2006.07.06"]
[Round "4"]
[White "Socko, Bartosz"]
[Black "Azmaiparashvili, Zurab"]
[Result "1/2-1/2"]
[WhiteElo "2621"]
[BlackElo "2669"]
[PlyCount "74"]
[EventDate "2006.07.03"]
[EventType "team"]
[EventRounds "9"]
[EventCountry "GRE"]
[SourceTitle "CBM 113 Extra"]
[Source "ChessBase"]
[SourceDate "2006.09.14"]
[SourceVersion "1"]
[SourceVersionDate "2006.09.14"]
[SourceQuality "1"]

1. e4 c6 2. d4 d5 3. e5 Bf5 4. Nf3 e6 5. Be2 Nd7 6. 0-0 Bg6 7. b3 Nh6 8. c4 Nf5 9. h3 Be7 10. Ba3 Bxa3 11. Nxa3 0-0 12. Nc2 f6 13. exf6 Qxf6 14. Qd2 Rad8 15. Ne3 Nxe3 16. Qxe3 Rde8 17. Rae1 e5 18. cxd5 exd4 19. Qxd4 Qxd4 20. Nxd4 cxd5 21. Bb5 Rxe1 22. Rxe1 Nf6 23. Re7 Rf7 24. Rxf7 Kxf7 25. f3 Bb1 26. a3 g5 27. Kf2 Nh5 28. Ke3 Kf6 29. Be8 Ng7 30. Bd7 Bf5 31. Bb5 Ke5 32. Bf1 Bd7 33. g3 Nh5 34. f4+ gxf4+ 35. gxf4+ Nxf4 36. Nf3+ Kf5 37. Nd4+ Ke5 1/2-1/2

[Event "GRE-chT 35th"]
[Site "Ermioni Argolidas"]
[Date "2006.07.04"]
[Round "2"]
[White "Inarkiev, Ernesto"]
[Black "Azmaiparashvili, Zurab"]
[Result "1-0"]
[WhiteElo "2625"]
[BlackElo "2669"]
[PlyCount "125"]
[EventDate "2006.07.03"]
[EventType "team"]
[EventRounds "9"]
[EventCountry "GRE"]
[SourceTitle "CBM 113 Extra"]
[Source "ChessBase"]
[SourceDate "2006.09.14"]
[SourceVersion "1"]
[SourceVersionDate "2006.09.14"]
[SourceQuality "1"]

1. e4 d6 2. d4 g6 3. Nc3 Bg7 4. f4 a6 5. Nf3 b5 6. Bd3 Nd7 7. e5 c5 8. Be3 cxd4 9. Bxd4 Bb7 10. Be4 Bxe4 11. Nxe4 dxe5 12. fxe5 Nf8 13. Nc5 Nh6 14. a4 Nf5 15. c3 Nd7 16. axb5 Nxc5 17. Bxc5 Qc8 18. Qd5 0-0 19. g4 Rd8 20. Qc6 Nh6 21. h3 f5 22. g5 Nf7 23. e6 Ne5 24. Nxe5 Bxe5 25. Qxc8 Raxc8 26. Bb6 Rd6 27. Rxa6 Rd5 28. Ra5 Bf4 29. h4 Rc4 30. Ra8+ Kg7 31. Rd8 Rxb5 32. Bd4+ Be5 33. b3 Rxc3 34. Bxc3 Bxc3+ 35. Kd1 Re5 36. Kc2 Bb4 37. Rd4 Bc5 38. Rc4 Bd6 39. Kd2 Rd5+ 40. Kc3 Re5 41. Kd2 Rd5+ 42. Kc2 Re5 43. b4 Rxe6 44. b5 Re2+ 45. Kb3 Re3+ 46. Rc3 Re4 47. Rc4 Re3+ 48. Rc3 Re4 49. Kc2 Re2+ 50. Kb1 Re5 51. Rb3 f4 52. b6 Rf5 53. b7 Rf8 54. Kc2 Kf7 55. Rd1 Rb8 56. Kd3 Ke6 57. Ke4 Kd7 58. Rc1 Rf8 59. Ra1 Bb8 60. Rc3 Bd6 61. Rb3 Bb8 62. Rd1+ Kc6 63. Rc3+ 1-0